[Event "45th FIDE Chess Olympiad Open"]
[Site "Budapest, Hungary"]
[Date "2024.09.13"]
[Round "3.182"]
[White "Nanjo, Ryosuke"]
[Black "Notha, Moakofi"]
[Result "1/2-1/2"]
[WhiteElo "2372"]
[BlackElo "1996"]
[PlyCount "107"]
[EventDate "2024.??.??"]
[WhiteTeam "Japan"]
[BlackTeam "Botswana"]
[WhiteTeamCountry "JPN"]
[BlackTeamCountry "BOT"]
[WhiteClock "0:18:58"]
[BlackClock "0:09:29"]

1. Nf3 Nf6 2. c4 e6 3. Nc3 d5 4. d4 Be7 5. Bg5 Nbd7 6. cxd5 exd5 7. e3 O-O 8. Bd3 Re8 9. O-O c6 10. Qc2 Nf8 11. Rfe1 Ne4 12. Bxe7 Qxe7 13. Bxe4 dxe4 14. Nd2 f5 15. f3 exf3 16. Nxf3 Ng6 17. e4 f4 $146 ({RR} 17... fxe4 18. Rxe4 Be6 19. Rae1 Qd6 20. Ng5 Bf7 21. Nxf7 Kxf7 22. Qb3+ Kf8 23. Rf1+ {1-0 (23) Gagnepain,L (1862)-Devaux,N (1859) Boffres 2015}) ({RR} 17... Nh4 18. Nxh4 Qxh4 19. Qb3+ Kh8 20. Qf7 Qd8 21. Rad1 Rf8 22. Qb3 fxe4 23. Nxe4 Bg4 24. Rd2 Qa5 25. Qg3 Rae8 26. Nc3 Bh5 27. Rxe8 Rxe8 28. h3 h6 29. Kh2 Kh7 30. Rf2 Bg6 {½-½ (30) Atkins,H-Pleci,I Warsaw 1935}) 18. e5 Be6 19. Ne4 Rad8 20. Qc5 a6 21. Qxe7 Rxe7 22. Nd6 h6 23. a3 Red7 24. Nd2 Bd5 25. N2e4 b6 26. Nc3 Bb3 27. Rac1 c5 28. dxc5 bxc5 29. Nce4 Nxe5 30. Nxc5 Rxd6 31. Rxe5 Rd1+ 32. Re1 Rxe1+ 33. Rxe1 Bc4 34. Rc1 Be2 35. Rc2 Rd1+ 36. Kf2 Bb5 37. Kf3 g5 38. h4 Kf7 39. hxg5 hxg5 40. Ne4 Kg6 41. Rd2 Rxd2 42. Nxd2 Kf5 43. g3 Bc6+ 44. Kf2 Kg4 45. gxf4 Kxf4 46. b4 Bd5 47. Nb1 g4 48. Nc3 g3+ 49. Kg1 Bc6 50. a4 Ke3 51. b5 axb5 52. axb5 Bxb5 53. Nxb5 g2 54. Kxg2 1/2-1/2

[Event "45th FIDE Chess Olympiad Open"]
[Site "Budapest, Hungary"]
[Date "2024.09.13"]
[Round "3.183"]
[White "Monnaatsheko, Keletshabile"]
[Black "Aoshima, Mirai"]
[Result "0-1"]
[WhiteElo "2064"]
[BlackElo "2385"]
[PlyCount "132"]
[EventDate "2024.??.??"]
[WhiteTeam "Botswana"]
[BlackTeam "Japan"]
[WhiteTeamCountry "BOT"]
[BlackTeamCountry "JPN"]
[WhiteClock "0:00:47"]
[BlackClock "0:19:24"]

1. e4 c6 2. d4 d5 3. exd5 cxd5 4. Bd3 Nc6 5. c3 Qc7 6. Ne2 Bg4 7. f3 Bh5 8. Nf4 Nf6 ({RR} 8... Bg6 9. Nxd5 Qd6 10. Ne3 Nf6 11. Na3 e6 12. Nac4 Qc7 13. a4 Rd8 14. Qe2 Be7 15. O-O O-O 16. Bxg6 hxg6 17. Ng4 Nd5 18. g3 Rc8 19. Nce3 Rfd8 20. Nxd5 Rxd5 21. Bf4 Qb6 22. Kh1 Rcd8 23. Ne3 {Nakamura,H (2788)-Taher,Y (2445) chess.com INT 2024 1-0 (70)}) 9. Na3 ({RR} 9. g4 Bg6 10. g5 Nh5 11. Nxd5 Qd7 12. Ne3 e5 13. d5 Bxd3 14. Qxd3 Nf4 15. Qe4 Ne7 16. Na3 Nexd5 17. Nxd5 Nxd5 18. Qxe5+ Be7 19. Bd2 O-O 20. O-O Bd6 21. Qd4 Rfe8 22. Rae1 Qh3 23. Qf2 b6 {Karacsonyi,G (2389)-Ballester Llagaria,L (2298) chess.com INT 2024 1-0 (84)}) 9... e6 10. Nb5 Qb8 11. a4 $146 ({RR} 11. Ne2 Bd6 12. Nxd6+ Qxd6 13. Bf4 Qd7 14. b4 O-O 15. O-O Rac8 16. a4 Bg6 17. a5 Ne7 18. Be5 Bxd3 19. Qxd3 Ne8 20. Qd2 Nd6 21. Bxd6 Qxd6 22. Nf4 Qc7 23. Rfc1 Nf5 24. Nd3 Nd6 25. Nb2 Nc4 {Bea,B (1752)-Kabai,Z (1890) Hungary 2009 ½-½ (82)}) 11... a6 12. Na3 Bg6 13. Nxg6 hxg6 14. f4 Bd6 15. Qf3 O-O 16. g4 b5 17. h4 Re8 18. Kf1 e5 19. dxe5 Bxe5 20. fxe5 Nxe5 21. Qg3 Nfxg4 22. Be2 Nf6 23. Nc2 Ne4 24. Qh3 Nc4 25. Rg1 Ned2+ 26. Bxd2 Nxd2+ 27. Ke1 Qf4 28. Nd4 Ne4 29. Nf3 Qe3 30. Rg2 Nxc3 31. Ng1 Qxh3 32. Nxh3 Nxa4 33. Rb1 d4 34. Kd2 Nc5 35. Bf3 Nb3+ 36. Kc2 Rac8+ 37. Kxb3 Re3+ 38. Kb4 Rxf3 39. Ng5 Rf4 40. Rh2 d3+ 41. Ka5 Rc6 42. b3 f6 43. Nh3 Rxh4 44. Rhh1 d2 45. Nf2 Rd4 46. Rhd1 g5 47. Rb2 Rcd6 48. Nh1 g6 49. Ng3 f5 50. Nf1 g4 51. Rdxd2 Rxd2 52. Nxd2 Kg7 53. b4 g5 54. Nb3 Kg6 55. Nc5 g3 56. Rg2 f4 57. Ne4 Rd4 58. Nxg3 fxg3 59. Rxg3 Kf5 60. Rb3 g4 61. Kxa6 Rd5 62. Rc3 Ke4 63. Kb6 Rg5 64. Rc1 g3 65. Re1+ Kf3 66. Ka5 g2 0-1

[Event "45th FIDE Chess Olympiad Open"]
[Site "Budapest, Hungary"]
[Date "2024.09.13"]
[Round "3.184"]
[White "Yamada, Kohei"]
[Black "Oratile, Kgotlane"]
[Result "1-0"]
[WhiteElo "2178"]
[BlackElo "1975"]
[PlyCount "103"]
[EventDate "2024.??.??"]
[WhiteTeam "Japan"]
[BlackTeam "Botswana"]
[WhiteTeamCountry "JPN"]
[BlackTeamCountry "BOT"]
[WhiteClock "0:11:44"]
[BlackClock "0:27:38"]

1. e4 c5 2. Nf3 g6 3. d4 cxd4 4. Nxd4 Nc6 5. c4 Nf6 6. Nc3 d6 7. f3 Nxd4 8. Qxd4 Bg7 9. Be3 O-O 10. Qd2 Be6 11. Rc1 a5 12. b3 Nd7 13. Be2 Nc5 14. O-O Qb6 ({RR} 14... b6 15. Kh1 Be5 16. Bd4 Bxd4 17. Qxd4 f5 18. exf5 Bxf5 19. f4 Be4 20. Nxe4 Nxe4 21. Qxe4 Rf6 22. Bf3 Rc8 23. Rce1 Rc7 24. Bg4 Qf8 25. Be6+ Kg7 26. f5 Rc5 27. g4 g5 28. Bd5 e5 29. Qe3 {Rodriguez Dominguez,M (2011)-Sukandar,I (2349) chess.com INT 2024 0-1 (55)}) 15. Nb5 ({RR} 15. Rc2 Rfc8 16. Kh1 Qb4 17. Nd5 Bxd5 18. exd5 Na6 19. Qc1 a4 20. Bd2 Qc5 21. Qe1 axb3 22. axb3 b5 23. b4 Qd4 24. Qc1 bxc4 25. Bxc4 Qb6 26. Qa3 Nc7 27. Qd3 Nb5 28. Rfc1 Na3 29. Ra2 Nxc4 {Predke,A (2530)-Iturrizaga Bonelli,E (2630) Moscow 2015 ½-½ (44)}) 15... Rfc8 16. Kh1 $146 ({RR} 16. Rb1 Qd8 17. Rfc1 Bd7 18. Nc3 Bc6 19. Rc2 b6 20. a3 Ra7 21. Bf1 h5 22. Qf2 Kh7 23. Ne2 Rb7 24. Nd4 e5 25. Nb5 Bxb5 26. cxb5 d5 27. exd5 Bf8 28. b4 axb4 29. axb4 Nd7 30. Rxc8 Qxc8 {Lazaro Pujol,A (2348)-Valle,L (2268) Platja d'Aro ESP 2022 1-0 (45)}) ({RR} 16. Rc2 Qd8 17. Rd1 Qf8 18. Nc3 h5 19. Bf1 Kh7 20. Ne2 Bd7 21. Nf4 Bh6 22. Re1 Ne6 23. Nd5 Bxe3+ 24. Rxe3 Rc6 25. e5 Nc5 26. exd6 Rxd6 27. Qc1 Ne6 28. Rd2 Bc6 29. Red3 Rad8 30. Qa3 Bxd5 {Bielczyk,J (2370)-Walach,M (2310) Wisla 1998 ½-½ (36)}) 16... Bd7 17. Rfd1 Qd8 18. Rb1 Bc6 19. Qe1 Qe8 20. Qf2 Ne6 21. Na7 Rcb8 22. Bb6 a4 23. b4 a3 24. b5 Bd7 25. Rb3 Bb2 26. f4 Qf8 27. Rg3 Qh6 28. Be3 Nf8 29. b6 Ba4 30. Rf1 Qg7 31. Bd1 Bxd1 32. Rxd1 Qc3 33. Qe2 Qb4 34. Bg1 Ne6 35. Rb3 Qa4 36. Qc2 Qa5 37. Rb5 Qc3 38. Qxc3 Bxc3 39. f5 Nd8 40. Rb3 Bb2 41. c5 Nc6 42. cxd6 exd6 43. Nxc6 bxc6 44. Rxd6 Ra4 45. b7 Rc4 46. Rd1 Be5 47. Ba7 Rc2 48. Bxb8 Bxb8 49. Rxa3 Rb2 50. f6 h5 51. Ra8 Rxb7 52. Rd8+ 1-0

[Event "45th FIDE Chess Olympiad Open"]
[Site "Budapest, Hungary"]
[Date "2024.09.13"]
[Round "3.185"]
[White "Zhakshylykov, Erzhan"]
[Black "Mafaaz Khalid"]
[Result "1-0"]
[WhiteElo "2327"]
[BlackElo "2069"]
[PlyCount "137"]
[EventDate "2024.??.??"]
[WhiteTeam "Kyrgyzstan"]
[BlackTeam "Pakistan"]
[WhiteTeamCountry "KGZ"]
[BlackTeamCountry "PAK"]
[WhiteClock "0:01:49"]
[BlackClock "0:01:43"]

1. Nf3 Nf6 2. b3 d5 3. Bb2 c5 4. e3 g6 5. c4 dxc4 6. Bxc4 Bg7 7. Be2 $146 ({RR} 7. O-O O-O 8. Qe2 Nc6 9. Rd1 Na5 10. Bd3 b6 11. Nc3 Bb7 12. Ba6 Qc8 13. Bxb7 Qxb7 14. d4 cxd4 15. Nxd4 Rac8 16. Rac1 Nc6 17. Qf3 Qa8 18. Ncb5 Nxd4 19. Bxd4 Qb8 20. Bc3 h5 21. h3 a6 {Caruana,F (2786)-Arias,J (2334) chess.com INT 2023 ½-½ (91)}) ({RR} 7. O-O Nc6 8. d4 cxd4 9. Nxd4 Nxd4 10. Bxd4 O-O 11. Nc3 Bd7 12. Nd5 Bc6 13. Nxf6+ Bxf6 14. Bxf6 exf6 15. Qxd8 Rfxd8 16. Rfd1 f5 17. f3 Kg7 18. Kf2 Kf6 19. h4 h6 20. Be2 g5 21. hxg5+ hxg5 {Topalov,V (2793)-Carlsen,M (2868) Stavanger 2013 0-1 (48)}) ({RR} 7. O-O O-O 8. d4 cxd4 9. Nxd4 Bd7 10. Qe2 Nc6 11. Rd1 Nxd4 12. Bxd4 Qc7 13. Rc1 Bc6 14. Nd2 Rac8 15. a4 Qb8 16. b4 b6 17. Nb3 e5 18. Bb2 Ne4 19. b5 Bb7 20. Rd1 Nd6 21. Bd5 Bxd5 {Baumegger,S (2388)-Soffer,R (2444) Krakow POL 2024 ½-½ (62)}) ({RR} 7. O-O O-O 8. Qe2 Nc6 9. Rd1 Bg4 10. h3 Bxf3 11. Qxf3 Qc7 12. Nc3 Rad8 13. Rac1 a6 14. Be2 Nd7 15. Qe4 e6 16. f4 b5 17. Bf3 Ne7 18. Ba1 Nf5 19. Qb7 Qa5 20. a4 Nd6 21. Qa7 Nc8 {Le,Q (2731)-Szpar,M (2485) chess.com INT 2023 1-0}) ({RR} 7. a3 Nc6 8. b4 Qb6 9. Nc3 cxb4 10. Nd5 Qd8 11. Nxf6+ Bxf6 12. Bxf6 exf6 13. axb4 O-O 14. b5 Ne5 15. Nxe5 fxe5 16. Qb3 Qb6 17. O-O Bd7 18. Rfb1 Kg7 19. d3 f6 20. h3 Rfe8 21. d4 exd4 {Cordova,E (2568)-Gedajlovic,M (2407) Charlotte USA 2023 1-0 (57)}) 7... O-O 8. Na3 b6 9. O-O Bb7 10. d4 Na6 11. Nb5 Qb8 12. Ne5 Rd8 13. Bc4 e6 14. Qe2 cxd4 15. Bxd4 Nb4 16. Qb2 a6 17. Nc3 b5 18. Be2 Nc6 19. Nxc6 Bxc6 20. Rfd1 e5 21. Bc5 Qb7 22. f3 b4 23. Na4 Nd7 24. Rac1 e4 25. Bd4 exf3 26. gxf3 Bxd4 27. Rxd4 Re8 28. Qd2 Ne5 29. e4 Bb5 30. Nc5 Qa7 31. f4 Nc6 32. Rd7 Qb6 33. Bxb5 Qxb5 34. Qd5 Rf8 35. Nd3 Qxd5 36. Rxd5 Ne7 37. Re5 Rfd8 38. Nxb4 Kf8 39. Rc7 Rd1+ 40. Kf2 Ng8 41. Rd5 Ra1 42. Rdd7 Nh6 43. Rd2 a5 44. Nd5 a4 45. b4 Rb1 46. a3 Rb3 47. Rc3 f5 48. e5 g5 49. e6 Ng4+ 50. Kf3 Rc8 51. Rxb3 axb3 52. Ke2 gxf4 53. Nxf4 Ne5 54. Nd5 Nc4 55. Rd3 b2 56. Rb3 f4 57. b5 Rc5 58. b6 f3+ 59. Rxf3+ Ke8 60. Rb3 Rxd5 61. b7 Rd2+ 62. Ke1 Rd8 63. b8=Q Rxb8 64. Rxb8+ Ke7 65. Rb4 Kxe6 66. Ke2 Nxa3 67. Rxb2 Nc4 68. Rb7 h6 69. Rh7 1-0

[Event "45th FIDE Chess Olympiad Open"]
[Site "Budapest, Hungary"]
[Date "2024.09.13"]
[Round "3.186"]
[White "Amer Karim"]
[Black "Khoroshev, Nikita"]
[Result "0-1"]
[WhiteElo "2081"]
[BlackElo "2355"]
[PlyCount "114"]
[EventDate "2024.??.??"]
[WhiteTeam "Pakistan"]
[BlackTeam "Kyrgyzstan"]
[WhiteTeamCountry "PAK"]
[BlackTeamCountry "KGZ"]
[WhiteClock "0:01:14"]
[BlackClock "0:07:53"]

1. d4 d5 2. c4 e6 3. Nc3 c5 4. cxd5 cxd4 5. Qxd4 Nc6 6. Qa4 exd5 7. e3 Nf6 8. Nf3 Bc5 9. Be2 O-O 10. O-O Qe7 11. Rd1 Rd8 12. a3 Bb6 $146 ({RR} 12... h6 13. h3 Be6 14. b4 Bb6 15. Nb5 a5 16. bxa5 Nxa5 17. Nfd4 Ne4 18. Qb4 Qh4 19. Qe1 Nc4 20. f3 Qxe1+ 21. Rxe1 Ned6 22. Nxd6 Rxd6 23. Bxc4 Bxd4 24. exd4 dxc4 25. Rb1 Rxd4 26. Rxb7 Rc8 27. Rb4 {Rivera,I (2188)-Salcedo,D (1991) Medellin 2014 1-0 (57)}) 13. Qh4 Bg4 14. Nd4 Bxd4 15. exd4 Bxe2 16. Re1 Ne4 17. Qxe7 Nxe7 18. Rxe2 Nxc3 19. Rxe7 Re8 20. Rxe8+ Rxe8 21. Be3 Na4 22. b3 Nb6 23. Rc1 Rc8 24. Rc5 a6 25. Bd2 f6 26. Kf1 Kf7 27. Ke2 Ke6 28. Kd3 h5 29. h4 Rxc5 30. dxc5 Nd7 31. b4 Ne5+ 32. Kc3 Kd7 33. a4 Kc6 34. Kd4 Ng6 35. g3 Ne7 36. Bf4 Nf5+ 37. Kd3 a5 38. Kc3 axb4+ 39. Kxb4 Nd4 40. Bd6 f5 41. Bf8 Ne6 42. Be7 f4 43. a5 g6 44. Bd6 fxg3 45. fxg3 d4 46. Kc4 d3 47. Kc3 Kd5 48. Bb8 Nxc5 49. Ba7 d2 50. Kxd2 Nb3+ 51. Ke3 Nxa5 52. Kf4 b5 53. Kg5 b4 54. Be3 Ke4 55. Bc1 Kf3 56. g4 hxg4 57. Bb2 Nc6 0-1

[Event "45th FIDE Chess Olympiad Open"]
[Site "Budapest, Hungary"]
[Date "2024.09.13"]
[Round "3.187"]
[White "Orozbaev, Eldiyar"]
[Black "Momin Fayzan"]
[Result "1-0"]
[WhiteElo "2376"]
[BlackElo "2064"]
[PlyCount "59"]
[EventDate "2024.??.??"]
[WhiteTeam "Kyrgyzstan"]
[BlackTeam "Pakistan"]
[WhiteTeamCountry "KGZ"]
[BlackTeamCountry "PAK"]
[WhiteClock "0:57:57"]
[BlackClock "0:45:14"]

1. e4 c5 2. Nf3 d6 3. d4 cxd4 4. Nxd4 Nf6 5. Bd3 Nc6 6. Be3 d5 ({RR} 6... g6 7. h3 Bg7 8. c4 Ng4 9. hxg4 Nxd4 10. Nc3 Be6 11. Rc1 Nc6 12. Be2 Qa5 13. Qd2 O-O-O 14. b3 h5 15. gxh5 gxh5 16. Nb5 Qxd2+ 17. Kxd2 a6 18. Rxh5 Rxh5 19. Bxh5 Rh8 20. Be2 Rh2 21. g3 {Sevian,S (2698)-Firouzja,A (2777) Douglas IOM 2023 1-0 (41)}) 7. Nxc6 $146 ({RR} 7. exd5 Nxd5 8. Nxc6 bxc6 9. Bd2 e5 10. Nc3 Be7 11. O-O O-O 12. Re1 Qc7 13. Qf3 Be6 14. Qe4 Nf6 15. Qxe5 Bd6 16. Qe2 Bxh2+ 17. Kh1 Bf4 18. Bxf4 Qxf4 19. Qe3 Qh4+ 20. Kg1 Rab8 21. b3 Ng4 {Dinu,D (2190)-Samsonkin,A (2363) chess.com INT 2024 0-1 (38)}) 7... bxc6 8. e5 Ng4 9. Bd4 Qc7 10. Qe2 Nh6 11. Bc5 g6 12. Nc3 Bg7 13. f4 O-O 14. O-O Be6 15. h3 Rfe8 16. g4 f5 17. g5 Nf7 18. Qf2 h5 19. gxh6 Bxh6 20. Ne2 Bc8 21. Kh1 e6 22. Rg1 Kh7 23. Rg2 Rg8 24. Rag1 Qd8 25. Nd4 Qe8 26. Qh4 Bd7 27. Nf3 Nh8 28. Be7 Rg7 29. Bf6 c5 30. Ng5+ 1-0

[Event "45th FIDE Chess Olympiad Open"]
[Site "Budapest, Hungary"]
[Date "2024.09.13"]
[Round "3.188"]
[White "Mudasir, Iqbal"]
[Black "Abdyzhapar, Asylbek"]
[Result "0-1"]
[WhiteElo "2055"]
[BlackElo "2357"]
[PlyCount "102"]
[EventDate "2024.??.??"]
[WhiteTeam "Pakistan"]
[BlackTeam "Kyrgyzstan"]
[WhiteTeamCountry "PAK"]
[BlackTeamCountry "KGZ"]
[WhiteClock "0:09:30"]
[BlackClock "0:09:54"]

1. d4 Nf6 2. Nf3 g6 3. Bf4 Bg7 4. e3 d6 5. h3 O-O 6. Be2 c5 7. c3 Nc6 8. Nbd2 cxd4 9. exd4 e5 10. dxe5 dxe5 11. Nxe5 Nd5 12. Nxc6 bxc6 13. Bg3 Re8 14. O-O Bxc3 15. Nc4 Bxb2 16. Nxb2 Nc3 17. Qxd8 Nxe2+ 18. Kh2 Rxd8 19. Be5 ({RR} 19. Bh4 Rd5 20. Rfe1 Ba6 21. Na4 Bb5 22. Rab1 Rd4 23. Bf6 Rxa4 24. Rxb5 cxb5 25. Rxe2 Rf4 26. Be5 Re8 {0-1 (26) Kourkoulos Arditis,S (2530)-Grischuk,A (2736) chess.com INT 2023}) ({RR} 19. Bh4 Re8 20. Nc4 Ba6 21. Nd6 Re6 22. Rfd1 h6 23. f3 g5 24. Bf2 Nf4 25. Ne4 f5 26. Ng3 Rf8 27. Bxa7 Bc4 28. Bc5 Rf7 29. a4 h5 30. Rd4 h4 31. Rxc4 hxg3+ 32. Kh1 Re2 33. a5 Rxg2 {Iturrizaga Bonelli,E (2588)-Leyva Proenza,R (2333) chess.com INT 2024 1-0 (45)}) 19... Rd5 20. f4 Ba6 21. Rf3 $146 ({RR} 21. Rad1 Rad8 22. Rfe1 c5 23. Rxd5 Rxd5 24. Rd1 Rxd1 25. Nxd1 Bc4 26. a3 Bb3 27. Nc3 Nxc3 28. Bxc3 Kf8 29. Kg3 Ke7 30. Kf2 Kd6 31. Ke3 Kd5 32. g3 Kc4 33. Bf6 Ba4 34. Be7 Kd5 35. Bf8 Bb5 {Petkov,M (1920)-Oglaza,O (2198) Mamaia 2017 ½-½ (59)}) ({RR} 21. Rfd1 Rad8 22. Rxd5 Rxd5 23. Rd1 Rxd1 24. Nxd1 Bc4 25. a3 f5 26. Nc3 Nxc3 27. Bxc3 Kf7 28. Kg3 Ke6 29. Kf3 Kd5 30. h4 Bf1 31. Bf6 Kc4 32. Kf2 Bd3 33. Ke3 Bc2 34. g3 c5 35. Be7 Bb1 {Steczek,M (2353)-Niekras,D (2097) Jastrzebia Gora 2015 ½-½ (49)}) ({RR} 21. Rf2 Re8 22. Nd1 Ra5 23. a4 Re6 24. Ra3 f6 25. Bc7 Rd5 26. Ne3 Rd3 27. Nc2 c5 28. f5 gxf5 29. Bb8 Rxa3 30. Nxa3 Bd3 31. Bxa7 c4 32. a5 c3 33. Bc5 Rc6 34. Be3 c2 35. Nxc2 Rxc2 {Le,H (2250)-Pham,C (2397) Ho Chi Minh City 2018 0-1 (45)}) 21... Bb5 22. a4 Ba6 23. Nd1 h5 24. Nf2 f5 25. h4 c5 26. Rb1 Rc8 27. Nd1 Rd7 28. Nc3 Nd4 29. Rf2 Nc6 30. Bf6 Kf7 31. Bg5 Bd3 32. Rd1 Rb8 33. Rfd2 c4 34. Nb5 Rbb7 35. Na3 Nb8 36. Rc1 Rb4 37. a5 a6 38. Kg1 Ra4 39. Rc3 Ke6 40. Rd1 Kf7 41. Rdc1 Rd4 42. Nc2 Bxc2 43. R3xc2 Nc6 44. Rb2 Rb4 45. Re2 Rb5 46. Rce1 Re4 47. Rxe4 fxe4 48. Rc1 Nxa5 49. Kf2 Ke6 50. Ke3 Kf5 51. Kd4 Nb3+ 0-1

[Event "45th FIDE Chess Olympiad Open"]
[Site "Budapest, Hungary"]
[Date "2024.09.13"]
[Round "3.189"]
[White "Kao, Jamison Edrich"]
[Black "Saraci, Nderim"]
[Result "0-1"]
[WhiteElo "2125"]
[BlackElo "2446"]
[PlyCount "126"]
[EventDate "2024.??.??"]
[WhiteTeam "Hong Kong, China"]
[BlackTeam "Kosovo"]
[BlackTeamCountry "KOS"]
[WhiteClock "0:02:13"]
[BlackClock "0:04:45"]

1. e4 e5 2. Nf3 Nc6 3. Nc3 Nf6 4. Bb5 Bb4 5. O-O O-O 6. d3 d6 7. Ne2 Ne7 8. c3 Ba5 9. Ng3 c6 10. Ba4 Ng6 11. Re1 Re8 12. h3 h6 13. d4 exd4 14. Nxd4 d5 15. exd5 Rxe1+ 16. Qxe1 Qxd5 $146 ({RR} 16... Nxd5 17. Bd2 Bb6 18. Bb3 Bxd4 19. cxd4 Be6 20. Rd1 Ndf4 {0-1 (20) Priyadharshan,K (2553)-So,W (2765) Chess.com INT 2019}) 17. Be3 Nh4 18. Qf1 Bc7 19. Bb3 Qd8 20. Rd1 Qf8 21. Qc4 Ng6 22. Qe2 Bd7 23. Nh5 Nd5 24. Nb5 Be5 25. f4 Bxf4 26. Nxf4 Ngxf4 27. Bxf4 Nxf4 28. Qf2 Nd5 29. Nc7 Rd8 30. Nxd5 cxd5 31. Qxa7 Bc6 32. Qd4 Rd7 33. Re1 Rd8 34. Rd1 Rd7 35. Rd3 Qe7 36. Re3 Qf8 37. Kh1 Rd6 38. Rg3 g6 39. Re3 Re6 40. Bd1 Re4 41. Qd2 Qe7 42. Rxe4 dxe4 43. Qxh6 Qd6 44. Bg4 Qg3 45. Qd2 e3 46. Qe2 f5 47. Bf3 Bxf3 48. gxf3 f4 49. a4 Kg7 50. b4 Qxh3+ 51. Kg1 Qd7 52. Kf1 Qxa4 53. Qd3 Qc6 54. Ke2 Qe6 55. Qd4+ Qf6 56. Qd7+ Qf7 57. Qd4+ Kh7 58. c4 b5 59. cxb5 Qa2+ 60. Kd1 Qb1+ 61. Ke2 Qc2+ 62. Ke1 Qf2+ 63. Kd1 e2+ 0-1

[Event "45th FIDE Chess Olympiad Open"]
[Site "Budapest, Hungary"]
[Date "2024.09.13"]
[Round "3.190"]
[White "Ondozi, Murtez"]
[Black "Lam, Daniel King Wai"]
[Result "1/2-1/2"]
[WhiteElo "2371"]
[BlackElo "2088"]
[PlyCount "162"]
[EventDate "2024.??.??"]
[WhiteTeam "Kosovo"]
[BlackTeam "Hong Kong, China"]
[WhiteTeamCountry "KOS"]
[WhiteClock "0:11:32"]
[BlackClock "0:14:43"]

1. d4 d5 2. c4 e6 3. Nc3 Nf6 4. Nf3 Be7 5. Bg5 O-O 6. e3 h6 7. Bh4 b6 8. cxd5 Nxd5 9. Bg3 Bb7 10. Bd3 Nd7 11. e4 Nxc3 12. bxc3 c5 13. O-O Nf6 14. Qe2 Rc8 $146 ({RR} 14... Nh5 15. Be5 cxd4 16. cxd4 f6 17. Bg3 Nxg3 18. hxg3 Qd6 19. Bc4 Rac8 20. Bb3 Rfe8 21. Nh4 Bf8 22. Qg4 h5 23. Qg6 Qxd4 24. Rfe1 a5 25. Rad1 Qb4 26. Nf5 a4 27. Rd7 {1-0 (27) Brunello,S (2573)-Narayanan,S (2437) Chennai 2015}) ({RR} 14... c4 15. Bc2 b5 16. a4 b4 17. cxb4 Bxb4 18. Qxc4 a5 19. Qe2 Rc8 20. Rfd1 Rc3 21. Bh4 g5 22. Bg3 Qa8 23. d5 exd5 24. e5 Ba6 25. Bd3 Rxd3 26. Rxd3 Ne4 27. Qd1 Bxd3 28. Qxd3 Qc6 29. Nd4 {Denishev,M (2303)-Bulmaga,I (2438) Vrnjacka Banja SRB 2023 0-1 (58)}) 15. a4 cxd4 16. cxd4 Rc3 17. Be5 Nd7 18. Bf4 Nc5 19. Bc2 Nb3 20. Rad1 Qc8 21. Bd3 Rd8 22. Bd2 Nxd2 23. Qxd2 Qc7 24. Qe2 Bf6 25. d5 exd5 26. e5 Re8 27. Rfe1 d4 28. Be4 Bxe4 29. Qxe4 Rc5 30. Rxd4 Bxe5 31. g3 f6 32. Red1 Rc1 33. Rxc1 Qxc1+ 34. Kg2 Qc8 35. Rd3 Qa8 36. Qxa8 Rxa8 37. Nxe5 fxe5 38. Rd7 Rc8 39. Rxa7 Rc4 40. Kf3 h5 41. h4 Kh7 42. Ra6 Rb4 43. Ke3 b5 44. a5 Ra4 45. Ra8 g6 46. a6 Kg7 47. f3 Kh7 48. a7 Kg7 49. g4 hxg4 50. fxg4 Kh7 51. g5 Kg7 52. Rb8 Rxa7 53. Ke4 Rf7 54. Rxb5 Rf4+ 55. Kd5 Rxh4 56. Kxe5 Ra4 57. Rb7+ Kg8 58. Re7 Kf8 59. Rd7 Kg8 60. Ke6 Rf4 61. Rd6 Kg7 62. Rd5 Rf1 63. Re5 Rf2 64. Kd7 Rf1 65. Kd6 Rf2 66. Re7+ Kg8 67. Re6 Kg7 68. Re5 Rf1 69. Kc5 Rf2 70. Kd4 Rf1 71. Kd3 Rf2 72. Ke3 Rf1 73. Rd5 Rf8 74. Rd7+ Kg8 75. Ke4 Rf1 76. Rd3 Kg7 77. Rd7+ Kg8 78. Ke5 Rf2 79. Ke6 Rf1 80. Ke7 Rf5 81. Ke6 Rf1 1/2-1/2

[Event "45th FIDE Chess Olympiad Open"]
[Site "Budapest, Hungary"]
[Date "2024.09.13"]
[Round "3.191"]
[White "Chan, Pui Yin Brandon"]
[Black "Uruci, Endrit"]
[Result "0-1"]
[WhiteElo "2016"]
[BlackElo "2348"]
[PlyCount "100"]
[EventDate "2024.??.??"]
[WhiteTeam "Hong Kong, China"]
[BlackTeam "Kosovo"]
[BlackTeamCountry "KOS"]
[WhiteClock "0:16:18"]
[BlackClock "1:15:53"]

1. e4 c5 2. Nf3 Nc6 3. d4 cxd4 4. Nxd4 e5 5. Nb5 a6 6. Nd6+ Bxd6 7. Qxd6 Qe7 8. Qd1 Nf6 9. Nc3 d6 10. Bg5 Be6 11. Nd5 Bxd5 12. exd5 Nb8 13. c4 h6 14. Be3 Nbd7 15. Be2 O-O 16. O-O Nh7 17. Rc1 ({RR} 17. b4 f5 18. f3 f4 19. Bf2 b6 20. Rc1 Nhf6 21. Bd3 Kh8 22. Re1 a5 23. a3 axb4 24. axb4 Ra3 25. Ra1 Rfa8 26. Rxa3 Rxa3 27. Qc2 Ra8 28. Qb2 Qe8 29. Ra1 Qc8 30. Ra3 Rxa3 31. Qxa3 Qb7 {Ye,F (1585)-Han,Y (1423) Shanghai CHN 2024 ½-½ (34)}) 17... f5 18. f3 Nhf6 19. c5 $146 ({RR} 19. b4 f4 20. Bf2 e4 21. Bd4 Ne5 22. c5 g5 23. cxd6 Qxd6 24. Bc5 Qd7 25. Bxf8 Rxf8 26. fxe4 Nxe4 27. Qd4 Qf5 28. Bd3 Nxd3 29. Qxd3 Nd6 30. Qxf5 Rxf5 31. Rfd1 Kf7 32. Rc7+ Kf6 33. Rd7 Nf7 {Vuckovic,B (2499)-Abramovic,B (2385) Belgrade 2014 1-0 (35)}) 19... f4 20. Bf2 e4 21. cxd6 Qxd6 22. fxe4 Nxe4 23. Bd4 Ne5 24. b4 Qxd5 25. Ba1 Rad8 26. Qxd5+ Rxd5 27. Rc7 Nd2 28. Re7 Rf5 29. Rc1 f3 30. gxf3 Ndxf3+ 31. Kh1 Rg5 32. Bxe5 Nxe5 33. Rc5 Rxc5 34. bxc5 Ng6 35. Rxb7 Rxc5 36. Bxa6 Nh4 37. Rb1 Rc2 38. Bb7 Kf8 39. Ra1 Rb2 40. Be4 Re2 41. Bb7 Rb2 42. Be4 Rb4 43. Bc6 Ke7 44. a4 Kd6 45. Bg2 Rb2 46. a5 Nxg2 47. a6 Nh4 48. a7 Nf3 49. Ra6+ Ke7 50. a8=Q Rxh2# 0-1

[Event "45th FIDE Chess Olympiad Open"]
[Site "Budapest, Hungary"]
[Date "2024.09.13"]
[Round "3.192"]
[White "Asllani, Muhamet"]
[Black "Li, Yiheng"]
[Result "1/2-1/2"]
[WhiteElo "2191"]
[BlackElo "1893"]
[PlyCount "144"]
[EventDate "2024.??.??"]
[WhiteTeam "Kosovo"]
[BlackTeam "Hong Kong, China"]
[WhiteTeamCountry "KOS"]
[WhiteClock "1:04:45"]
[BlackClock "0:02:13"]

1. e4 c5 2. Nf3 d6 3. d4 cxd4 4. Nxd4 Nf6 5. Bc4 e6 6. Nc3 a6 7. a4 Be7 8. a5 ({RR} 8. Qe2 O-O 9. O-O d5 10. Bb3 Nc6 11. Be3 Qa5 12. exd5 exd5 13. Bg5 Nxd4 14. Qxe7 Re8 15. Qd6 Nxb3 16. Bxf6 Re6 17. Rae1 gxf6 18. Rxe6 Bxe6 19. cxb3 Qd8 20. Qf4 Kg7 21. Ne2 b5 22. Nd4 bxa4 {Areshchenko,A (2670)-Guliyev,N (2588) Moscow 2006 0-1 (60)}) ({RR} 8. Ba2 Nc6 9. Be3 O-O 10. O-O Bd7 11. f4 Qc7 12. f5 Nxd4 13. Bxd4 b5 14. axb5 axb5 15. Qf3 b4 16. Ne2 e5 17. Bf2 Qxc2 18. Bb1 Qxb2 19. Rxa8 Rxa8 20. Bh4 Bb5 21. Bd3 Ra3 22. Rd1 Bxd3 {Carrillo,J (1990)-Brunner,N (2414) Meurthe et Moselle FRA 2024 0-1}) 8... O-O $146 ({RR} 8... Qc7 9. Qe2 Nc6 10. Nb3 O-O 11. Be3 Ne5 12. Nd2 Nfd7 13. f4 Nc6 14. Nb3 Nc5 15. Qf2 Nb4 16. Nxc5 dxc5 17. O-O Bd7 18. Na4 Bxa4 19. Rxa4 Qc6 20. b3 Rad8 21. c3 Nd3 22. Qe2 Qxe4 23. Bxa6 {Brodbeck,S (2110)-Weiler,U (2135) Germany 1997 ½-½ (41)}) 9. O-O Bd7 10. Be3 Nc6 11. Nb3 Nb4 12. Bb6 Qc8 13. Be2 Bc6 14. Qd2 d5 15. e5 Ne4 16. Nxe4 dxe4 17. c4 Be8 18. Qf4 f5 19. exf6 Bg6 20. h4 Rxf6 21. Qd2 h6 22. h5 Bh7 23. Bd4 Rf7 24. Bb6 Nd3 25. Bxd3 exd3 26. Rac1 e5 27. f3 Qf5 28. Bc5 Qxh5 29. Bxe7 Rxe7 30. Rfe1 Rf8 31. Nc5 Qg5 32. Qxg5 hxg5 33. Rcd1 Rd8 34. Kf2 Rd4 35. b3 Kf7 36. Rd2 g4 37. fxg4 Rxg4 38. Nxd3 Bxd3 39. Rxd3 Rf4+ 40. Rf3 Rxf3+ 41. Kxf3 Ke6 42. Rd1 Rf7+ 43. Ke3 g5 44. Rd8 Kf5 45. Kf3 g4+ 46. Ke3 Rh7 47. Rf8+ Ke6 48. Ke4 Rh2 49. Rf2 Rh1 50. Rf8 Re1+ 51. Kd3 Rd1+ 52. Kc3 Rd7 53. b4 e4 54. b5 axb5 55. cxb5 Ke5 56. g3 Rc7+ 57. Kd2 Rc5 58. a6 bxa6 59. bxa6 Ra5 60. Re8+ Kf6 61. Ra8 Kg7 62. Ke3 Ra3+ 63. Kf4 e3 64. Kxg4 e2 65. Re8 Rxa6 66. Rxe2 Kg6 67. Re4 Rb6 68. Kf4 Ra6 69. Rd4 Rb6 70. Ke5 Kg5 71. g4 Rh6 72. Ra4 Rh4 1/2-1/2